Language Quiz

Random Language or Letter Quiz

Common Sayings: Missing 'F' Words Quiz Stats

 Plays Quiz Updated Sep 19, 2017

Challenge
Share
Tweet
Embed
Score 0/30 Timer 04:00
5 Plays Today
% Correct
five
95.1%
fly
94.5%
fight
94.3%
far
93.7%
fox
93.6%
for
93.6%
food
93.5%
flies
91.9%
fingers
91.9%
fresh
91.7%
fill
91.3%
fall
91%
flags
90.9%
feel
90.9%
fiddle
90.6%
% Correct
friends
89.5%
fishing
89.5%
feast
89.4%
firing
88.8%
footing
87.5%
from
87.4%
fishes
85.9%
fail
85.5%
fairies
84.9%
foregone
84.8%
forty
84.3%
fowl
83%
flash
81.6%
feather
80.1%
face
76.7%

You're not logged in!

Compare scores with friends on all Sporcle quizzes.
OR
Log In

You Might Also Like...

Show Comments

Extras

Top Quizzes Today


Score Distribution

Your Account Isn't Verified!

In order to create a playlist on Sporcle, you need to verify the email address you used during registration. Go to your Sporcle Settings to finish the process.

Report this User

Report this user for behavior that violates our Community Guidelines.

Details: